| 000 | 00856nam1a22002411i 4500 | ||
|---|---|---|---|
| 001 | rc\4937021 | ||
| 005 | 20240724180604.0 | ||
| 035 | _a(NLR Aleph) 008948283 | ||
| 090 |
_a8986838 _c8986838 |
||
| 100 | _a20130426d1964 |||y0rusy50 ca | ||
| 101 | 0 | _arus | |
| 102 | _aRU | ||
| 105 | _a z ||||| | ||
| 200 | 1 |
_aВзаимодействие гамма-излучения с веществом _eЧ. 1- _fАкад. наук УзССР. Ин-т ядерной физики |
|
| 210 |
_aТашкент _cНаука _d1964 |
||
| 215 | _d22 | ||
| 606 |
_aГамма-лучи _xВзаимодействие с веществом _2psbo |
||
| 700 | 1 |
_aСтародубцев _bС.В. _f1914-1967 _gСергей Васильевич |
|
| 701 | 1 |
_aРоманов _bА.М. |
|
| 801 | 0 |
_aRU _bNLR _gpsbo |
|
| 801 | 1 |
_aRU _bELAR _2rusmarc |
|
| 852 |
_aNLR _j65-5/586 |
||
| 942 | _cBOOK | ||